Szczegóły MARC21

Scenariusze godzin wychowawczych : wychowanie a role płciowe /

003 -Nazwa inst., której nr kontr. jest w polu 001 [,]
    • @
    • Nazwa instytucji, której n kontrolny jest w polu 001
    • NUKAT
005 -DATA I CZAS OSTATNIEJ MODYFIKACJI [,]
    • @
    • pole kontrolne
    • 20241231090811.0
020 -Międzynarod. znormalizowany nr książki - ISBN [ , ]
    • a
    • Numer ISBN
    • 9788374891295 Find
040 -Instytucja sporządzająca opis [ , ]
    • a
    • Instytucja, która sporządziła opis (NP)
    • OLSZT 003/BT
    • c
    • Instytucja, która sporządziła rekord (NP)
    • OLSZT 003/BT
    • d
    • Instytucja, która zmodyfikowała rekord (P)
    • Ł U/MRs
942 -Rodzaj dokumentu [ , ]
    • c
    • Rodzaj dokumentu
    • Książka
100 -Hasło główne - nazwa osobowa [1, ]
    • a
    • Nazwa osobowa (NP)
    • Pankowska, Dorota.
    • 9
    • KHW
    • 572487
245 -Strefa tytułu i oznaczenia odpowiedzialności [1,0]
    • a
    • Tytuł
    • Scenariusze godzin wychowawczych : Find
    • b
    • Ciąg dalszy tytułu (NP)
    • wychowanie a role płciowe / Find
    • c
    • Pozostałe elementy strefy tytułu i oznaczenia odpowiedzialności (NP)
    • Dorota Pankowska.
250 -Strefa wydania [ , ]
    • a
    • Oznaczenie wydania (NP)
    • Wyd. 2.
260 -Strefa adresu wydawniczego [ , ]
    • a
    • Miejsce wydania (P)
    • Gdańsk :
    • b
    • Nazwa wydawcy (P)
    • Gdańskie Wydawnictwo Psychologiczne,
    • c
    • Data wydania (P)
    • 2008.
300 -Strefa opisu fizycznego [ , ]
    • a
    • Określenie formy książki i/lub objętość (NP)
    • 288 s. ;
    • c
    • Format (NP)
    • 21 cm.
336 -Typ zawartości [ , ]
    • a
    • Termin opisujący typ zawartości
    • Tekst
    • b
    • Kod określający zawartość
    • txt
    • 2
    • Źródło (terminu i kodu)
    • rdacontent
337 -Typ mediów [ , ]
    • a
    • Tryb odtwarzania
    • Bez urządzenia pośredniczącego
    • b
    • Kod typu mediów
    • n
    • 2
    • Źródło (terminu i kodu)
    • rdamedia
338 -Typ/rodzaj nośnika [ , ]
    • a
    • Hasło opisujące typ nośnika
    • Wolumin
    • b
    • Kod typu nośnika
    • nc
    • 2
    • Źródło (terminu i kodu)
    • rdacarrier
490 -Strefa serii i książki wielotomowej - forma nie do wyszukiwania [1, ]
    • a
    • Tytuł (P)
    • Biblioteka Wychowawcy Find
830 -Hasło dodatkowe serii i opisu książki wielotomowej - tytuł ujednolicony/tytuł [ ,0]
    • a
    • Tytuł ujednolicony/tytuł (NP)
    • Biblioteka Wychowawcy - Gdańskie Wydawnictwo Psychologiczne
    • 9
    • KHW
    • 575014
504 -Uwaga dot. bibliogr. załącznikowej [ , ]
    • a
    • Uwaga dot. bibliografii załącznikowej
    • Bibliogr. s. 263-269. Indeks.
080 -Uniwersalna Klasyfikacja Dziesiętna [ , ]
    • 2
    • Identyfikator wydania tablic
    • UDC-P058
    • a
    • Symbol klasyfikacji
    • 37.064.2
    • b
    • Dopowiedzenie
    • Nauczyciele a uczniowie. Wychowanie w szkole.
080 -Uniwersalna Klasyfikacja Dziesiętna [ , ]
    • 2
    • Identyfikator wydania tablic
    • UDC-P058
    • a
    • Symbol klasyfikacji
    • 159.922.7/.8
    • b
    • Dopowiedzenie
    • Psychologia dzieci i młodzieży.
650 -Hasło przedmiotowe [ ,7]
    • a
    • Hasło przedmiotowe
    • Edukacja seksualna.
    • 2
    • Źródło terminu
    • kaba
    • 9
    • KHW
    • 107249
650 -Hasło przedmiotowe [ ,7]
    • a
    • Hasło przedmiotowe
    • Gender studies.
    • 2
    • Źródło terminu
    • kaba
    • 9
    • KHW
    • 166809
650 -Hasło przedmiotowe [ ,7]
    • a
    • Hasło przedmiotowe
    • Przysposobienie do życia w rodzinie.
    • 2
    • Źródło terminu
    • kaba
    • 9
    • KHW
    • 126826
650 -Hasło przedmiotowe [ ,7]
    • a
    • Hasło przedmiotowe
    • Rola wynikająca z płci.
    • 2
    • Źródło terminu
    • kaba
    • 9
    • KHW
    • 128018
650 -Hasło przedmiotowe [ ,7]
    • a
    • Hasło przedmiotowe
    • Różnica płci.
    • 2
    • Źródło terminu
    • kaba
    • 9
    • KHW
    • 129341
980 -Symbol UKD [ , ]
    • a
    • UKD
    • 37.064.2:159.922.7/.8
920 -ISBN [ , ]
    • a
    • ISBN
    • 978-83-7489-129-5 Find
Lokalizacja Data inwentaryzacji Status udost. Numer inwentarzowy
BG2009-07-08-3Pd.20152
BG2009-07-081Pd.20151